The Political Economy of Schooling in Cambodia Issues of Quality and Equity /

In the most in-depth look at education in Cambodia to date, scholars long engaged in research on Cambodia provide historical context and unpack key issues of high relevance to Cambodia and other developing countries as they expand and modernize their education systems and grapple with challenges to...

Full description

Bibliographic Details
Corporate Author: SpringerLink (Online service)
Other Authors: Kitamura, Yuto (Editor), Edwards, D. Brent (Editor), Sitha, Chhinh (Editor), Williams, James H. (Editor)
Format: Electronic eBook
Language:English
Published: New York : Palgrave Macmillan US : Imprint: Palgrave Macmillan, 2016.
Series:International and Development Education
Subjects:
Online Access:Full Text via HEAL-Link
LEADER 02476nam a22006135i 4500
001 978-1-137-45600-7
003 DE-He213
005 20160406151802.0
007 cr nn 008mamaa
008 160128s2016 xxu| s |||| 0|eng d
020 |a 9781137456007  |9 978-1-137-45600-7 
024 7 |a 10.1057/9781137456007  |2 doi 
040 |d GrThAP 
050 4 |a LB43 
072 7 |a JN  |2 bicssc 
072 7 |a EDU043000  |2 bisacsh 
082 0 4 |a 370.116  |2 23 
082 0 4 |a 370.9  |2 23 
245 1 4 |a The Political Economy of Schooling in Cambodia  |h [electronic resource] :  |b Issues of Quality and Equity /  |c edited by Yuto Kitamura, D. Brent Edwards, Chhinh Sitha, James H. Williams. 
264 1 |a New York :  |b Palgrave Macmillan US :  |b Imprint: Palgrave Macmillan,  |c 2016. 
300 |a XII, 245 p.  |b online resource. 
336 |a text  |b txt  |2 rdacontent 
337 |a computer  |b c  |2 rdamedia 
338 |a online resource  |b cr  |2 rdacarrier 
347 |a text file  |b PDF  |2 rda 
490 1 |a International and Development Education 
520 |a In the most in-depth look at education in Cambodia to date, scholars long engaged in research on Cambodia provide historical context and unpack key issues of high relevance to Cambodia and other developing countries as they expand and modernize their education systems and grapple with challenges to providing a quality and equitable education. 
650 0 |a Education. 
650 0 |a Southeast Asia  |x History. 
650 0 |a Asia  |x Politics and government. 
650 0 |a International relations. 
650 0 |a International education. 
650 0 |a Comparative education. 
650 0 |a Educational policy. 
650 0 |a ducation and state. 
650 0 |a Education and state. 
650 1 4 |a Education. 
650 2 4 |a International and Comparative Education. 
650 2 4 |a Education Policy. 
650 2 4 |a Asian Politics. 
650 2 4 |a International Relations. 
650 2 4 |a Educational Policy and Politics. 
650 2 4 |a History of Southeast Asia. 
700 1 |a Kitamura, Yuto.  |e editor. 
700 1 |a Edwards, D. Brent.  |e editor. 
700 1 |a Sitha, Chhinh.  |e editor. 
700 1 |a Williams, James H.  |e editor. 
710 2 |a SpringerLink (Online service) 
773 0 |t Springer eBooks 
776 0 8 |i Printed edition:  |z 9781349577408 
830 0 |a International and Development Education 
856 4 0 |u http://dx.doi.org/10.1057/9781137456007  |z Full Text via HEAL-Link 
912 |a ZDB-2-EDA 
950 |a Education (Springer-41171)